NFL Team's most rushing yards in a game - Statistics

General Stats
  • This quiz has been taken 48 times
    45 since last reset
  • The average score is 18 of 32
Answer Stats
Team Yards Year Player % Correct
MIN 296 2007 Adrian Peterson
95%
CHI 275 1977 Walter Payton
87%
DET 237 1994 Barry Sanders
84%
TEN 250 2021 Derrick Henry
84%
LAC 243 2003 LaDainian Tomlinson
84%
JAX 234 2000 Fred Taylor
82%
IND 253 2021 Jonathan Taylor
82%
PIT 236 2016 Le'Veon Bell
76%
BUF 273 1976 O.J. Simpson
76%
SEA 266 2001 Shaun Alexander
74%
BAL 295 2003 Jamal Lewis
71%
CAR 210 2012 DeAngelo Williams
68%
MIA 228 2002 Ricky Williams
68%
KAN 259 2010 Jamaal Charles
66%
NYG 234 2006 Tiki Barber
66%
HOU 231 2010 Arian Foster
63%
DAL 253 2011 DeMarco Murray
63%
PHI 217 2013 LeSean McCoy
61%
CIN 278 2000 Corey Dillon
58%
SFF 212 2006 Frank Gore
58%
GBP 218 2003 Ahman Green
55%
TBB 251 2012 Doug Martin
53%
ATL 220 2008 Michael Turner
39%
DEN 251 2000 Mike Anderson
39%
NYJ 219 2018 Isaiah Crowell
21%
CLE 286 2009 Jerome Harrison
21%
ARI 228 2011 Beanie Wells
18%
NOS 206 1983 George Rogers
18%
WAS 221 1989 Gerald Riggs
18%
LVR 227 1997 Napoleon Kaufman
16%
NEP 212 1983 Tony Collins
5%
LAR 247 1971 Willie Ellison
5%
No matching quizzes found
Score Distribution
Percent of People with Each Score
Percentile by Number Answered
Your Score History
You have not taken this quiz since the last reset